000 00714nam a22001937a 4500
999 _c61706
_d61706
005 20240418172803.0
008 240418s2004 enk||||| |||| 00| 0 eng d
020 _a9780443070563x
041 _aeng
080 _a616. 8 L-75
100 _aLindsay, Kenneth W.
_98710
245 _aNeurology and Neurosurgery Illustrated /
_cKenneth W. Lindsay, Ian Bone.
264 _aEdinburg :
_b‎Churchill Livingstone,
_c2004.
300 _a598 p.:
_bill.
_c25 cm.
653 _aილუსტრირებული ნევროლოგია და ნეიროქირურგია
653 _aმედიცინა
700 _aBone, Ian
_eავტორი
_98716
942 _2udc
_cᲬᲘᲒᲜᲘ